Регионална библиотека "Любен Каравелов" - Русе

Героите, преклонението пред героите и героичното в историята (Запис номер 18299)

MARC детайли
000 -Лидер
Контролно поле с фиксирана дължина 01992nam a2200373 c 4500
003 - Код на организацията, давaща контролен номер
Контролно поле BLK
005 - Дата и час на последна редакция
Контролно поле 20240711134949.0
008 - Елементи от данни с фиксирана дължина
fixed length control field 180413b bul|||||r ||||||| ||bul||
010 ## - Наследен системен номер
LC control number KNG00020347000
020 ## - Международен стандартен номер на книга ISBN
Международен стандартен номер на книга ISBN 954-07-0990-3
-- издат.: Унив. изд. Св. Климент Охридски
040 ## - Източник на каталожния запис
Идентификатор на билиотеката - собственик на записа BLK
041 ## - Код за език
Код за езика на текст/звукозапис или на отделно заглавие Български
Код за езика КДБФ Български
080 ## - УДК
Текстов определител УДК Теория и философия на историята. Морфология на историята
УДК код - определител по УДК 930.1
УДК определител
УДК - код + определител 930.1
080 ## - УДК
Текстов определител УДК Общи работи. Философски науки в цялост
УДК код - определител по УДК 101
УДК определител (091)
УДК - код + определител 101(091)
100 1# - Редна дума - Автор
Автор Карлайл, Томас
Авторска отговорност първи автор
R(LIN) 262709
139 ## - Редно поле
Редна дума Карлайл, Томас
Авторски знак Кари - К 40
245 10 - Сведения за заглавието
Заглавие Героите, преклонението пред героите и героичното в историята
Редно поле (дума) Томас Карлайл; прев. от англ. Мария Кръстева; въвед. Исак Соломон Паси.
260 ## - Област на издателските данни
-- София
Име на издателя, разпространителя и проч. Унив. изд. Св. Климент Охридски
Година на издаване 1997
300 ## - Физическа характеристика
Страници 280 с.
Размери/Мащаб 21 см
380 ## - Жанр
Жанр История
490 1# - СЕРИИ (Колекции)
Име на серия Библиотека Класическо наследство
№: серия N 30
500 ## - Общи забележки
Забележка Деп. списък: 3 Пълното име на прев. е Мария Кръстева Георгиева ; 1 065 тир
650 #4 - Допълнително описание по предмет – тема
Основно описание – тема или топоним История - философски проблеми
9 (RLIN) 242500
650 #4 - Допълнително описание по предмет – тема
Основно описание – тема или топоним Личност и общество - философско-исторически аспекти
9 (RLIN) 262710
650 #4 - Допълнително описание по предмет – тема
Основно описание – тема или топоним Личност - роля в историята
9 (RLIN) 262711
700 1# - Други автори (авторска отговорност)
Лично име Кръстева, Мария
Дати, свързани с автора 1957 - 2011
Пълна форма на името Георгиева, Мария Кръстева
9 (RLIN) 53160
700 1# - Други автори (авторска отговорност)
Лично име Паси, Исак Соломон
Автороска отговорност (Описва отношението между автора и произведението) въвед.
9 (RLIN) 363338
852 ## - Местоположение
Форматна сигнатура Цб 194838
856 4# - Електронен адрес и достъп
Електронен формат pdf - файл
Път до файла /url/
856 4# - Електронен адрес и достъп
Електронен формат pdf - файл
Път до файла /url/
942 ## - АРТИКУЛИ
Вид на библиотечния материал Книги
Скрит в OPAC Не
Koha issues (borrowed), all copies 1
944 ## - СЪЗДАВАНЕ И РЕДАКЦИЯ на ЗАПИСА
Създаване/Редакция Създаване
Дата на регистрацията/редакция 15.01.2003
Служител, извършил регистрацията/редакцията 30560
Статус, дата на статуса Геновева Генчева
944 ## - СЪЗДАВАНЕ И РЕДАКЦИЯ на ЗАПИСА
Създаване/Редакция Редакция
Дата на регистрацията/редакция 15.01.2003
Служител, извършил регистрацията/редакцията
999 ## - СИСТЕМНИ КОНТРОЛНИ НОМЕРА
Koha biblionumber 18299
Koha biblioitemnumber 18299
Наличности
Код за отписване Код за изгубен артикул Код за повреда Коз за рестрикции Код за отдаване Артикулен № Име на библиотеката - собственик Име на библиотеката, в която се намира в момента Статус (Текущо местоположение) Дата на вписване в системата Местоположение - отдел Цена в лева Инвентарен номер Систематично азбучна сигнатура Баркод Номер на екземпляра Цена в евро Служебен тип на артикула Бележка за публиката Източник на класификационната схема Служебна бележка
Изтеглен Не е изгубен Не е повреден без рестрикции заемане за дома 30707 Регионална библиотека "Любен Каравелов" Русе Регионална библиотека "Любен Каравелов" Русе   2001-01-01 Заемна - подръчен фонд 10.00 636835 П 930/К 40 636835 1 5.11 Книги Отч.N: 3 , Дата: 17.01.2018    
  Не е изгубен Не е повреден без рестрикции ползва се в читалня 30708 Регионална библиотека "Любен Каравелов" Русе Регионална библиотека "Любен Каравелов" Русе Хранилище 2001-01-01 Хранилище 0.00 638225 Цб 194838 120000638225 2 0.00 Книги   Universal Decimal Classification  
Изтеглен Не е изгубен Не е повреден без рестрикции заемане за дома 30709 Регионална библиотека "Любен Каравелов" Русе Регионална библиотека "Любен Каравелов" Русе Заемна - подръчен фонд 2001-01-01 Заемна - подръчен фонд 8.00 657213 П 930/К 40 657213 3 4.09 Книги   Universal Decimal Classification  
  Не е изгубен Не е повреден без рестрикции заемане за дома 30710 Регионална библиотека "Любен Каравелов" Русе Регионална библиотека "Любен Каравелов" Русе Заемна - подръчен фонд 2001-01-01 Заемна - подръчен фонд 8.00 657214 930/К 40 Т 120000657214 4 4.09 Книги   Universal Decimal Classification Дата инв: 07.02.2018 Бележки инв: П2018
Изтеглен Не е изгубен Не е повреден без рестрикции заемане за дома 30711 Регионална библиотека "Любен Каравелов" Русе Регионална библиотека "Любен Каравелов" Русе Заемна - подръчен фонд 2001-01-01 Заемна - подръчен фонд 8.00 657215 П 930/К 40 657215 5 4.09 Книги   Universal Decimal Classification  
Изтеглен Не е изгубен Не е повреден без рестрикции ползва се в читалня 30712 Регионална библиотека "Любен Каравелов" Русе Регионална библиотека "Любен Каравелов" Русе   2001-01-01 Читалня 8.00 657216 Ч 930/К 40 657216 6 4.09 Книги Отч.N: 52/17 , Дата: 12.10.2017   Дата инв: 20.11.2015 Бележки инв: Ч2015
Vip Innovations Ltd, Rousse, Bulgaria 2025